Řízení projektů příprava a plánování, zahájení, výběr lidí a jejich řízení, kontrola a změny, vyhodnocení a ukončení
Salvato in:
| Autore principale: | |
|---|---|
| Altri autori: | |
| Natura: | Libro |
| Lingua: | ceco |
| Pubblicazione: |
Praha
Computer Press
2000
|
| Serie: | Praxe manažera
Business books |
| Soggetti: | |
| Tags: |
Nessun Tag, puoi essere il primo ad aggiungerne!!
|
MARC
| LEADER | 00000nam a2200000 4500 | ||
|---|---|---|---|
| 001 | c119323 | ||
| 005 | 20221108092432.0 | ||
| 020 | |a 80-7226-218-1 | ||
| 041 | 0 | |a cze | |
| 044 | |a CZ | ||
| 245 | 1 | 0 | |a Řízení projektů |b příprava a plánování, zahájení, výběr lidí a jejich řízení, kontrola a změny, vyhodnocení a ukončení |c Milton D. Rosenau ; [prekl. Eva Brumovská] |
| 264 | 1 | |a Praha |b Computer Press |c 2000 | |
| 300 | |a 344 s. | ||
| 490 | 1 | |a Praxe manažera | |
| 830 | 0 | |a Praxe manažera | |
| 490 | 1 | |a Business books | |
| 830 | 0 | |a Business books | |
| 610 | 2 | 0 | |a riadenie projektové |
| 610 | 2 | 0 | |a projektovanie |
| 610 | 2 | 0 | |a projekty |
| 610 | 2 | 0 | |a ciele riadenia |
| 610 | 2 | 0 | |a plánovanie |
| 610 | 2 | 0 | |a plánovanie projektové |
| 610 | 2 | 0 | |a softvér |
| 610 | 2 | 0 | |a vedenie |
| 610 | 2 | 0 | |a riadenie projektové |
| 610 | 2 | 0 | |a tímy pracovné |
| 610 | 2 | 0 | |a náklady |
| 100 | 1 | |a Rosenau, Milton D. | |
| 700 | 1 | |a Brumovská, Eva | |